000
00239nam a22000857a 4500
008
160706b xxu||||| |||| 00| 0 eng d
100
_9
2346
_a
Maharajan, A
245
_a
Remembering: Our Leaders
260
_a
New Delhi
_b
National Book Trust
_c
1998
999
_c
2023
_d
2023